Mineral extraction in harbour areas (Record no. 109581)

MARC details
000 -LEADER
fixed length control field 01502cad a22002535a 4500
001 - CONTROL NUMBER
control field E147488
008 - FIXED-LENGTH DATA ELEMENTS--GENERAL INFORMATION
fixed length control field 090515s2009 xxk f s000 0 eng d
020 ## - INTERNATIONAL STANDARD BOOK NUMBER
International Standard Book Number 9780755975340
035 ## - SYSTEM CONTROL NUMBER
System control number (Sirsi) u147488
041 0# - LANGUAGE CODE
Language code of text/sound track or separate title eng
050 04 - LIBRARY OF CONGRESS CALL NUMBER
Classification number 333.9164 $2 18
110 2# - MAIN ENTRY--CORPORATE NAME
Corporate name or jurisdiction name as entry element Scotland
Subordinate unit Scottish Government
9 (RLIN) 5344
245 00 - TITLE STATEMENT
Title Mineral extraction in harbour areas
Remainder of title consultation paper
Medium [electronic resource]
260 ## - PUBLICATION, DISTRIBUTION, ETC.
Place of publication, distribution, etc. Edinburgh
Name of publisher, distributor, etc. Scottish Government
Date of publication, distribution, etc. 2009
505 2# - FORMATTED CONTENTS NOTE
Formatted contents note Introduction -- Background -- The issue -- Marine Bill -- Dredging in harbour areas -- Mineral dredging in harbour areas -- The proposal -- Marine Dredging Regulations Procedures -- Consequential amendment -- Regulatory Impact Assessment -- Annex: list of questions
520 ## - SUMMARY, ETC.
Summary, etc. Seeks views on proposals to extend the Environmental Impact Assessment and Natural Habitats (Extraction of Minerals by Marine Dredging) (Scotland) Regulations 2007 to the extraction of minerals in waters that fall within the jurisdiction of a harbour authority. The deadline for comments is 14 August 2009.
521 ## - TARGET AUDIENCE NOTE
Target audience note Advanced
590 ## - LOCAL NOTE (RLIN)
Local note KA
650 24 - SUBJECT ADDED ENTRY--TOPICAL TERM
Topical term or geographic name entry element ENVIRONMENTAL IMPACT ASSESSMENT AND NATURAL HABITATS (EXTRACTION OF MINERALS BY MARINE DREDGING) (SCOTLAND) REGULATIONS 2007
651 #4 - SUBJECT ADDED ENTRY--GEOGRAPHIC NAME
Geographic name Scotland
Chronological subdivision 1999-
690 ## - LOCAL SUBJECT ADDED ENTRY--TOPICAL TERM (OCLC, RLIN)
Topical term or geographic name as entry element ENVIRONMENTAL AND LAND CONSULTANCY-MINERAL RESOURCE MANAGEMENT
856 40 - ELECTRONIC LOCATION AND ACCESS
Uniform Resource Identifier <a href="https://www.scotland.gov.uk/Publications/2009/05/14131715/0">https://www.scotland.gov.uk/Publications/2009/05/14131715/0</a>
Public note View the consultation free of charge at www.scotland.gov.uk...
942 ## - ADDED ENTRY ELEMENTS (KOHA)
Suppress in OPAC 0
Holdings
Withdrawn status Lost status Source of classification or shelving scheme Damaged status Not for loan Home library Current library Shelving location Date acquired Total Checkouts Full call number Barcode Date last seen Copy number Price effective from Koha item type
    Dewey Decimal Classification     Virtual Virtual Online 15/05/2009   ONLINE PUBLICATION 147488-2001 06/08/2019 1 06/08/2019 Book